Argentina (Registro nro. 3741)

Detalles MARC
000 -LEADER
fixed length control field 01449 a2200313 4500
001 - CONTROL NUMBER
control field 43876
005 - DATE AND TIME OF LATEST TRANSACTION
control field 20260407155720.0
008 - FIXED-LENGTH DATA ELEMENTS--GENERAL INFORMATION
fixed length control field 260407a2009 arg spa d
003 - CONTROL NUMBER IDENTIFIER
control field AR-UNSa-BCEJYS
040 ## - CATALOGING SOURCE
Original cataloging agency AR-UNSa-BCEJYS
Language of cataloging spa
Transcribing agency AR-UNSa-BCEJYS
080 ## - UNIVERSAL DECIMAL CLASSIFICATION NUMBER
Universal Decimal Classification number 94(82)
Common auxiliary subdivision Historia de Argentina
020 ## - INTERNATIONAL STANDARD BOOK NUMBER
International Standard Book Number 978-950-07-3038-9
041 ## - LANGUAGE CODE
Language code of text/sound track or separate title spa
100 1# - MAIN ENTRY--PERSONAL NAME
Personal name Aroskind, Ricardo
245 10 - TITLE STATEMENT
Title Argentina
Name of part/section of a work la construcción de un país
264 #1 - PRODUCTION, PUBLICATION, DISTRIBUTION, MANUFACTURE, AND COPYRIGHT NOTICE
Place of production, publication, distribution, manufacture Buenos Aires :
Name of producer, publisher, distributor, manufacturer Sudamericana
Date of production, publication, distribution, manufacture, or copyright notice 2009
300 ## - PHYSICAL DESCRIPTION
Extent 411 p.
Dimensions 23 cm.
505 ## - FORMATTED CONTENTS NOTE
Formatted contents note 1. El péndulo de la riqueza: la economía argentina en el periodo 1880 -1916 / Fernando Rocchi - 2. Estado, gobierno y política en el régimen conservador / Mirta Zaida Lobato - 3. La trunca transición del régimen oligárquico al régimen democrático / Waldo Ansaldi - 4. Partidos, coaliciones y sistema de poder / Darío Macor - 6. Introducción a los años peronistas / Juan Carlos Torre - 7. El país del desarrollo posible / Ricardo Aroskind - 8. Los derechos humanos entre el estado y la sociedad / Elizabeth Jelin.
590 ## - LOCAL NOTE (RLIN)
Local note niveau_biblio:m niveau_hierar:0
700 1# - ADDED ENTRY--PERSONAL NAME
Personal name Ansaldi, Waldo
700 1# - ADDED ENTRY--PERSONAL NAME
Personal name Doyon, Louise
700 1# - ADDED ENTRY--PERSONAL NAME
Personal name Jelin, Elizabeth
700 1# - ADDED ENTRY--PERSONAL NAME
Personal name Lobato, Mirta Zaida
700 1# - ADDED ENTRY--PERSONAL NAME
Personal name Macor, Darío
700 1# - ADDED ENTRY--PERSONAL NAME
Personal name Rocchi, Fernando
700 1# - ADDED ENTRY--PERSONAL NAME
Personal name Torre, Juan Carlos
856 41 - ELECTRONIC LOCATION AND ACCESS
Uniform Resource Identifier <a href="https://biblioeco.unsa.edu.ar/pmb/images/libros/L126783.jpg">https://biblioeco.unsa.edu.ar/pmb/images/libros/L126783.jpg</a>
Link text Imagen de portada
Electronic format type image/jpeg
942 ## - ADDED ENTRY ELEMENTS (KOHA)
Koha item type
Existencias
Withdrawn status Lost status Damaged status Not for loan Home library Current library Shelving location Date acquired Total checkouts Full call number Barcode Date last seen Price effective from Koha item type
        Biblioteca Prof. Eusebio Cleto del Rey Biblioteca Prof. Eusebio Cleto del Rey   07/04/2026   94(82) A691 L126783 07/04/2026 07/04/2026 Libro
        Biblioteca Prof. Eusebio Cleto del Rey Biblioteca Prof. Eusebio Cleto del Rey   07/04/2026   94(82) A691 L126784 07/04/2026 07/04/2026 Libro